A legislative maze (Record no. 83798)

MARC details
000 -LEADER
fixed length control field 00826cab a22002415a 4500
001 - CONTROL NUMBER
control field L155057
008 - FIXED-LENGTH DATA ELEMENTS--GENERAL INFORMATION
fixed length control field 120223e20120218xxk 000 0 eng d
035 ## - SYSTEM CONTROL NUMBER
System control number (Sirsi) u155057
041 0# - LANGUAGE CODE
Language code of text/sound track or separate title eng
100 1# - MAIN ENTRY--PERSONAL NAME
Personal name Colby, Allyson
245 02 - TITLE STATEMENT
Title A legislative maze
260 ## - PUBLICATION, DISTRIBUTION, ETC.
Date of publication, distribution, etc. 2012
490 ## - SERIES STATEMENT
Series statement Estates Gazette
Volume/sequential designation (1207) 18 February 2012, 80-82(3)
520 ## - SUMMARY, ETC.
Summary, etc. Three key decisions on squatters applying for title under the Land Registration Act 2002. These cases are; "Baxter v Mannion" [2010] EWHC 573 (Ch) "Zarb v Parry" [2011] EWCA civ 1306 and "Hopkins v Beacon" [2011] EWHC 2899 (Ch).
590 ## - LOCAL NOTE (RLIN)
Local note KA
650 24 - SUBJECT ADDED ENTRY--TOPICAL TERM
Topical term or geographic name entry element Baxter v Mannion
650 24 - SUBJECT ADDED ENTRY--TOPICAL TERM
Topical term or geographic name entry element Zarb v Parry
650 24 - SUBJECT ADDED ENTRY--TOPICAL TERM
Topical term or geographic name entry element Hopkins v Beacon
651 #4 - SUBJECT ADDED ENTRY--GEOGRAPHIC NAME
Geographic name England and Wales
Chronological subdivision 1543-
690 ## - LOCAL SUBJECT ADDED ENTRY--TOPICAL TERM (OCLC, RLIN)
Topical term or geographic name as entry element Property management
9 (RLIN) 6262
700 1# - ADDED ENTRY--PERSONAL NAME
Personal name Williams, Peter
942 ## - ADDED ENTRY ELEMENTS (KOHA)
Suppress in OPAC 0
Holdings
Withdrawn status Lost status Source of classification or shelving scheme Damaged status Not for loan Home library Current library Shelving location Date acquired Total Checkouts Full call number Barcode Date last seen Copy number Price effective from Koha item type
    Dewey Decimal Classification     London London Journal article 23/02/2012   L155057 155057-1001 06/08/2019 1 06/08/2019 Journal article